=LDR 00000nam 2200000 4500 =001 INLIS000000000041277 =005 20210325091325 =035 ##$$a 0010-061300000041277 =008 210325################g##########0#eng## =041 ##$$a ind =082 ##$$a 330 =090 ##$$a 330, Sam c =100 ##$$a Samuelson, Paul =245 1#$$a Economics, An Introductory Analysis /$c Paul A.Samuelson =260 ##$$a London :$b McGraw-Hill,$c 1964 =300 ##$$a 838 hlm ; $c 23 x 15 cm =850 ##$$a NBPNMAT =084 ##$$a 330 SAM e =250 ##$$a cet.1 =650 #4$$a Economics =990 ##$$a 00086366